[Event "España ch-2015 sub-16"]
[Site "Salobreña ESP"]
[Date "2015.07.21"]
[Round "3.37"]
[White "Chao Vale, Fernando"]
[Black "Martinez Bernardo, Aitor"]
[Result "1-0"]
[WhiteElo "1937"]
[BlackElo "1716"]
[PlyCount "165"]
[EventDate "2015.07.20"]
[EventType "swiss"]
[EventRounds "9"]
[EventCountry "ESP"]
[Source "lmi"]
[SourceDate "2015.07.20"]

1. e4 e5 2. Nf3 d6 3. d4 exd4 4. Nxd4 Nf6 5. Nc3 Be7 6. Be2 O-O 7. O-O Re8 8.
f4 Bf8 9. Bf3 c6 10. Kh1 a5 11. a4 Na6 12. Nde2 Qb6 13. Ng3 Nb4 14. Re1 Qf2 15.
Re2 Qb6 16. Be3 Qc7 17. h3 Be6 18. Bd4 Be7 19. Qe1 Qd8 20. Rd1 g6 21. f5 Bc4
22. Red2 d5 23. e5 Nd7 24. e6 Bh4 25. Bf2 fxe6 26. fxg6 hxg6 27. Nf1 Bxf2 28.
Rxf2 Qe7 29. Ne3 Nb6 30. Ng4 Nd7 31. Qd2 Rf8 32. Re1 e5 33. b3 Ba6 34. Nd1 Qg7
35. Be2 Rxf2 36. Ndxf2 Bxe2 37. Rxe2 Rf8 38. Qg5 e4 39. Nh6+ Kh7 40. Nfg4 Qa1+
41. Kh2 Re8 42. Qh4 Kg7 43. Rf2 Ne5 44. Qf6+ Kh7 45. Qg5 Kg7 46. Nf6 Re6 47.
Nh5+ Kh7 48. Nf5 Nf3+ 49. Rxf3 exf3 50. Qh6+ Kg8 51. Ne7+ Kf7 52. Qh7+ Ke8 53.
Nxg6 fxg2 54. Qg8+ Kd7 55. Nf8+ Kd8 56. Nxe6+ Ke7 57. Kxg2 Qe5 58. Nhf4 Qe4+
59. Kg3 Qe1+ 60. Kh2 Qd2+ 61. Qg2 Qxc2 62. Qxc2 Nxc2 63. h4 Ne3 64. Kg3 Nf5+
65. Kg4 Nxh4 66. Kxh4 Kd6 67. Kg4 b5 68. Kf3 bxa4 69. bxa4 Ke5 70. Ke3 d4+ 71.
Nxd4 Kd6 72. Kd3 Kc5 73. Kc3 Kb6 74. Kc4 c5 75. Nb3 Ka6 76. Kxc5 Kb7 77. Kb5
Ka7 78. Nxa5 Ka8 79. Kb6 Kb8 80. Nc4 Ka8 81. a5 Kb8 82. a6 Ka8 83. Nd5 1-0

[Event "España ch-2015 sub-16"]
[Site "Salobreña ESP"]
[Date "2015.07.21"]
[Round "3.38"]
[White "Garcia Lopez, Alejandro"]
[Black "Morona Minguez, Miguel"]
[Result "0-1"]
[WhiteElo "1740"]
[BlackElo "1924"]
[PlyCount "80"]
[EventDate "2015.07.20"]
[EventType "swiss"]
[EventRounds "9"]
[EventCountry "ESP"]
[Source "lmi"]
[SourceDate "2015.07.20"]

1. e4 e5 2. Nf3 Nc6 3. Bc4 Be7 4. O-O Nf6 5. d3 d6 6. c3 Bg4 7. Re1 O-O 8. Nbd2
Na5 9. Bb3 c5 10. Nf1 Nxb3 11. axb3 Qb6 12. Ng3 Rfe8 13. Re3 h5 14. h3 h4 15.
Nf5 Bxf5 16. exf5 Nd5 17. Re4 Qd8 18. Nh2 Bg5 19. Qf3 Bxc1 20. Rxc1 Qg5 21.
Rce1 Nf4 22. d4 cxd4 23. cxd4 f6 24. Ng4 d5 25. Rxf4 Qxf4 26. Qxd5+ Kh8 27.
dxe5 Qxf5 28. Qxb7 Rab8 29. Qxa7 Rxb3 30. Qf7 Re6 31. Rd1 Rb8 32. Rd7 Rg8 33.
Nxf6 gxf6 34. Kf1 Qb1+ 35. Ke2 Rxe5+ 36. Kd2 Qxb2+ 37. Kd3 Qe2+ 38. Kc3 Rc8+
39. Kb3 Rb5+ 40. Ka3 Ra8+ 0-1

[Event "España ch-2015 sub-16"]
[Site "Salobreña ESP"]
[Date "2015.07.21"]
[Round "3.39"]
[White "Redondo Benavente, Ana"]
[Black "Perez Beltran, Salvador"]
[Result "1-0"]
[WhiteElo "1920"]
[BlackElo "1699"]
[PlyCount "87"]
[EventDate "2015.07.20"]
[EventType "swiss"]
[EventRounds "9"]
[EventCountry "ESP"]
[Source "lmi"]
[SourceDate "2015.07.20"]

1. e4 c5 2. c3 Nf6 3. e5 Nd5 4. d4 cxd4 5. Nf3 e6 6. cxd4 Nc6 7. a3 d6 8. Bd3
Be7 9. O-O O-O 10. Qc2 h6 11. Qe2 Na5 12. Bc2 h5 13. Nbd2 g6 14. Ne4 dxe5 15.
dxe5 Kg7 16. Rd1 Qc7 17. Bg5 Bxg5 18. Nexg5 Bd7 19. Rac1 Qb6 20. Be4 Nb3 21.
Rb1 Bc6 22. Bxd5 Bxd5 23. Ne4 Rad8 24. Nd6 f6 25. exf6+ Rxf6 26. Rxd5 Rxd6 27.
Rb5 Qa6 28. Qe5 Nd2 29. Nxd2 Rxd2 30. Qc7+ Kh6 31. Rxb7 Qe2 32. Qg7+ Kg5 33.
h4+ Kf5 34. Rf1 Rd4 35. Rxa7 Rxh4 36. Rf7 Qxb2 37. g3 Ra4 38. f3 Qd4+ 39. Kg2
Rxa3 40. Rxf6+ Qxf6 41. g4+ Kg5 42. f4+ Qxf4 43. Qe7+ Kxg4 44. Rxf4+ 1-0

[Event "España ch-2015 sub-16"]
[Site "Salobreña ESP"]
[Date "2015.07.21"]
[Round "3.40"]
[White "Toval Lopez, Alberto"]
[Black "Dorado Meijide, Andrea"]
[Result "1-0"]
[WhiteElo "1904"]
[BlackElo "1696"]
[PlyCount "97"]
[EventDate "2015.07.20"]
[EventType "swiss"]
[EventRounds "9"]
[EventCountry "ESP"]
[Source "lmi"]
[SourceDate "2015.07.20"]

1. e4 e6 2. d4 d5 3. Nd2 dxe4 4. Nxe4 Bd7 5. Nf3 Bc6 6. Bd3 Nd7 7. O-O Be7 8.
b3 Ngf6 9. Ng3 O-O 10. Bb2 b6 11. c4 Bb7 12. Re1 c5 13. Qe2 Re8 14. Ne5 Qc7 15.
dxc5 Nxc5 16. Bc2 Rad8 17. Rad1 Ncd7 18. Nxd7 Rxd7 19. Rxd7 Qxd7 20. Rd1 Qc6
21. f3 Rc8 22. Ne4 Nxe4 23. Bxe4 Qc7 24. Bxb7 Qxb7 25. Qe5 Bf8 26. h3 Qc6 27.
Kf1 a5 28. Rd4 f6 29. Qe4 Qxe4 30. Rxe4 e5 31. Re1 Rd8 32. Ke2 Kf7 33. Rd1 Rxd1
34. Kxd1 Ke6 35. Ke2 Kf5 36. Bc1 g5 37. Kd3 Bd6 38. g4+ Kg6 39. Ke4 h5 40. Be3
Bc7 41. Kd5 hxg4 42. hxg4 f5 43. Kc6 Bd8 44. Kd7 Bf6 45. Ke6 fxg4 46. fxg4 e4
47. Bxb6 Bc3 48. Kd5 Kf6 49. Bd4+ 1-0

[Event "España ch-2015 sub-16"]
[Site "Salobreña ESP"]
[Date "2015.07.22"]
[Round "4.1"]
[White "Plazuelo Pascual, Juan"]
[Black "Centron Antuna, Daniel"]
[Result "1-0"]
[WhiteElo "2335"]
[BlackElo "2113"]
[PlyCount "37"]
[EventDate "2015.07.20"]
[EventType "swiss"]
[EventRounds "9"]
[EventCountry "ESP"]
[Source "lmi"]
[SourceDate "2015.07.20"]

1. d4 d6 2. Nf3 Nf6 3. c4 g6 4. g3 Bg7 5. Bg2 O-O 6. O-O Nbd7 7. Nc3 c6 8. e4
e5 9. Rb1 a5 10. h3 Re8 11. Re1 Qc7 12. b3 exd4 13. Nxd4 Nc5 14. Qc2 Nfxe4 15.
Nxe4 Bxd4 16. Nf6+ Bxf6 17. Rxe8+ Kg7 18. Qd2 g5 19. Bb2 1-0

[Event "España ch-2015 sub-16"]
[Site "Salobreña ESP"]
[Date "2015.07.22"]
[Round "4.2"]
[White "Laiz Ibanez, Hector"]
[Black "Martin Carmona, Gaston Manuel"]
[Result "1/2-1/2"]
[WhiteElo "2180"]
[BlackElo "2049"]
[PlyCount "60"]
[EventDate "2015.07.20"]
[EventType "swiss"]
[EventRounds "9"]
[EventCountry "ESP"]
[Source "lmi"]
[SourceDate "2015.07.20"]

1. Nf3 Nf6 2. g3 c5 3. Bg2 g6 4. O-O Bg7 5. c4 Nc6 6. d4 cxd4 7. Nxd4 O-O 8.
Nc3 Nxd4 9. Qxd4 d6 10. Bg5 Be6 11. Qh4 Rc8 12. b3 Qa5 13. Bd2 b5 14. cxb5 Rxc3
15. Bxc3 Qxc3 16. Qa4 Ng4 17. Rac1 Qd2 18. Rcd1 Qxe2 19. Rde1 Qc2 20. Rxe6 fxe6
21. Qxg4 Qxa2 22. Qxe6+ Kh8 23. f4 Qc2 24. Bd5 Qc5+ 25. Kg2 Qxb5 26. h4 Qc5 27.
h5 Qc2+ 28. Rf2 Qf5 29. hxg6 Qxe6 30. Bxe6 hxg6 1/2-1/2

[Event "España ch-2015 sub-16"]
[Site "Salobreña ESP"]
[Date "2015.07.22"]
[Round "4.3"]
[White "Roldan Marques, Daniel"]
[Black "Lechuga Cabrero, Diego"]
[Result "1-0"]
[WhiteElo "2145"]
[BlackElo "1753"]
[PlyCount "79"]
[EventDate "2015.07.20"]
[EventType "swiss"]
[EventRounds "9"]
[EventCountry "ESP"]
[Source "lmi"]
[SourceDate "2015.07.20"]

1. d4 Nf6 2. c4 c5 3. d5 e6 4. Nc3 exd5 5. cxd5 d6 6. Nf3 g6 7. Bf4 Bg7 8. h3
O-O 9. e3 a6 10. a4 Ne8 11. Nd2 Nd7 12. Nc4 Nb6 13. Qb3 Nxc4 14. Bxc4 Rb8 15.
O-O f5 16. Bxa6 Bd7 17. Bb5 h6 18. Bxd7 Qxd7 19. Nb5 g5 20. Bh2 Kh8 21. Rab1
Rg8 22. Kh1 Bf6 23. f3 Rg6 24. Qc2 Kg7 25. g4 fxg4 26. fxg4 Qe7 27. Rf3 Rd8 28.
Rbf1 Nc7 29. Nxd6 Rxd6 30. Qxc5 Ne8 31. Bxd6 Qxd6 32. Qb5 Qe7 33. Qd3 Nd6 34.
b3 Qe5 35. Rc1 Ne4 36. Rc4 Qa1+ 37. Kg2 Qb2+ 38. Qc2 Qxc2+ 39. Rxc2 Nc3 40.
Rxf6 1-0

[Event "España ch-2015 sub-16"]
[Site "Salobreña ESP"]
[Date "2015.07.22"]
[Round "4.4"]
[White "Orantes Taboada, Francisco"]
[Black "Ortega Lopez, Mikel"]
[Result "1-0"]
[WhiteElo "2135"]
[BlackElo "2141"]
[PlyCount "59"]
[EventDate "2015.07.20"]
[EventType "swiss"]
[EventRounds "9"]
[EventCountry "ESP"]
[Source "lmi"]
[SourceDate "2015.07.20"]

1. e4 e6 2. d4 d5 3. Nc3 Nf6 4. e5 Nfd7 5. f4 c5 6. Nf3 Nc6 7. Be3 Qb6 8. Qd2
Qxb2 9. Rb1 Qa3 10. Be2 a6 11. O-O Be7 12. f5 cxd4 13. fxe6 fxe6 14. Nxd4 Nxd4
15. Bxd4 Bc5 16. Kh1 Bxd4 17. Qxd4 Qc5 18. Qd3 b5 19. Qg3 Bb7 20. Bxb5 O-O-O
21. Na4 Qc7 22. Bxd7+ Rxd7 23. Nb6+ Kb8 24. Nxd7+ Qxd7 25. Rb6 Rc8 26. Rfb1 Rc7
27. Rd6 Qc8 28. Rxa6 Rxc2 29. Qa3 d4 30. Ra8+ 1-0

[Event "España ch-2015 sub-16"]
[Site "Salobreña ESP"]
[Date "2015.07.22"]
[Round "4.5"]
[White "Esquivias Quintero, Luis Manuel"]
[Black "Santos Ruiz, Miguel"]
[Result "0-1"]
[WhiteElo "2134"]
[BlackElo "2329"]
[PlyCount "108"]
[EventDate "2015.07.20"]
[EventType "swiss"]
[EventRounds "9"]
[EventCountry "ESP"]
[Source "lmi"]
[SourceDate "2015.07.20"]

1. e4 e6 2. d4 d5 3. Nd2 h6 4. Ngf3 Nf6 5. e5 Nfd7 6. c3 c5 7. Bd3 Nc6 8. O-O
g5 9. dxc5 Bxc5 10. Nb3 Bb6 11. Bb5 Qc7 12. Re1 Kf8 13. Be3 Ndxe5 14. Nxe5 Nxe5
15. Bd4 f6 16. Qe2 a6 17. Ba4 Kg7 18. Bxb6 Qxb6 19. Nd4 Qd6 20. Rad1 b5 21. Bc2
Bd7 22. g3 Rae8 23. f4 Nf7 24. Rf1 f5 25. Qf2 h5 26. fxg5 Nxg5 27. Bxf5 exf5
28. Nxf5+ Bxf5 29. Qxf5 Qb6+ 30. Kh1 Qg6 31. Qd7+ Nf7 32. Rxd5 Qe4+ 33. Kg1 Re7
34. Qc6 Qe6 35. Qc5 Qe3+ 36. Qxe3 Rxe3 37. a4 bxa4 38. Ra5 Re6 39. Rxa4 Rb8 40.
b4 Rc8 41. Rfa1 Rcc6 42. c4 Rxc4 43. Rxa6 Rxa6 44. Rxa6 Rxb4 45. Ra5 Kg6 46. h3
Rb6 47. Kg2 Ng5 48. Ra2 Rd6 49. h4 Ne4 50. Kf3 Nf6 51. Ra5 Rd3+ 52. Kg2 Ne4 53.
Ra4 Rxg3+ 54. Kh2 Rg4 0-1

[Event "España ch-2015 sub-16"]
[Site "Salobreña ESP"]
[Date "2015.07.22"]
[Round "4.6"]
[White "Serra Canals, Oriol"]
[Black "Lopez Mulet, Iñigo"]
[Result "0-1"]
[WhiteElo "2100"]
[BlackElo "2345"]
[PlyCount "126"]
[EventDate "2015.07.20"]
[EventType "swiss"]
[EventRounds "9"]
[EventCountry "ESP"]
[Source "lmi"]
[SourceDate "2015.07.20"]

1. d4 Nf6 2. c4 c5 3. d5 b5 4. cxb5 a6 5. bxa6 g6 6. Nc3 Bg7 7. e4 O-O 8. Nf3
Qa5 9. Bd2 Bxa6 10. Be2 Qb4 11. O-O Nxe4 12. a3 Nxc3 13. Bxc3 Qb6 14. Bxg7 Kxg7
15. Qc2 Qf6 16. Rfe1 d6 17. Nd2 Nd7 18. Ne4 Qf4 19. Bxa6 Rxa6 20. Re3 Rb6 21.
a4 Rfb8 22. b3 Ne5 23. a5 Rb4 24. h3 c4 25. Nd2 Qd4 26. Rd1 cxb3 27. Nxb3 Qc4
28. Rc3 Qb5 29. Nd4 Qxa5 30. Nc6 Nxc6 31. dxc6 Rb2 32. Qd3 Qb6 33. Rd2 Rxd2 34.
Qxd2 Qb4 35. Qe3 Rc8 36. Rc1 Rc7 37. g3 Qb5 38. Qc3+ f6 39. h4 h5 40. Qe3 Qe5
41. Qb6 d5 42. Rc5 Qd6 43. Rxd5 Qxc6 44. Qxc6 Rxc6 45. Ra5 Kh6 46. Kg2 e5 47.
Rb5 e4 48. Rb7 g5 49. hxg5+ Kxg5 50. Re7 f5 51. Re8 Rc7 52. Re6 h4 53. gxh4+
Kxh4 54. Rh6+ Kg4 55. Rh8 Rg7 56. Ra8 f4 57. Kf1 Kf3 58. Rh8 Rb7 59. Rh3+ Kg4
60. Ra3 Rb2 61. f3+ Kg3 62. fxe4+ f3 63. Ra1 Rh2 0-1

[Event "España ch-2015 sub-16"]
[Site "Salobreña ESP"]
[Date "2015.07.22"]
[Round "4.7"]
[White "Perez Garcia, Alejandro"]
[Black "Perez Beltran, Jose Maria"]
[Result "1-0"]
[WhiteElo "2322"]
[BlackElo "2011"]
[PlyCount "47"]
[EventDate "2015.07.20"]
[EventType "swiss"]
[EventRounds "9"]
[EventCountry "ESP"]
[Source "lmi"]
[SourceDate "2015.07.20"]

1. c4 e5 2. Nc3 Nf6 3. Nf3 Nc6 4. d4 exd4 5. Nxd4 Ne5 6. e4 Bb4 7. f3 O-O 8.
Be2 c6 9. O-O d5 10. cxd5 cxd5 11. Bg5 dxe4 12. fxe4 Be7 13. Nf5 Bc5+ 14. Kh1
Qxd1 15. Raxd1 Nfg4 16. Bh4 g6 17. h3 Bxf5 18. hxg4 Be6 19. Nd5 h6 20. Nc7 Rac8
21. Nxe6 fxe6 22. Bf6 Nc6 23. Bc4 Rce8 24. Rd7 1-0

[Event "España ch-2015 sub-16"]
[Site "Salobreña ESP"]
[Date "2015.07.22"]
[Round "4.8"]
[White "Vidal Fernandez, Pablo"]
[Black "Domingo Nunez, Ruben"]
[Result "0-1"]
[WhiteElo "2057"]
[BlackElo "2205"]
[PlyCount "80"]
[EventDate "2015.07.20"]
[EventType "swiss"]
[EventRounds "9"]
[EventCountry "ESP"]
[Source "lmi"]
[SourceDate "2015.07.20"]

1. e4 e6 2. d4 d5 3. Nc3 Bb4 4. a3 Bxc3+ 5. bxc3 dxe4 6. Qg4 Nf6 7. Qxg7 Rg8 8.
Qh6 Nbd7 9. Nh3 b6 10. Ng5 Rg6 11. Qh4 Bb7 12. Nxh7 Nxh7 13. Qxh7 Qf6 14. Qh5
O-O-O 15. Qe2 e3 16. Bxe3 Bxg2 17. Bxg2 Rxg2 18. h4 Rh8 19. h5 Nc5 20. dxc5
Qxc3+ 21. Kf1 Qxa1+ 22. Kxg2 Rg8+ 23. Kh2 Qf6 24. Kh3 Qf5+ 25. Kh2 Rg4 26. Qxg4
Qxg4 27. h6 f5 28. Rg1 Qh4+ 29. Kg2 f4 30. Bxf4 Qxf4 31. Rh1 Qe4+ 32. Kg1 Qh7
33. cxb6 axb6 34. Rh3 Kd7 35. Kh2 Ke7 36. Kg3 Kf7 37. f4 Kg8 38. Rh2 Qg6+ 39.
Kf3 Kh7 40. Re2 Qh5+ 0-1

[Event "España ch-2015 sub-16"]
[Site "Salobreña ESP"]
[Date "2015.07.22"]
[Round "4.9"]
[White "Buiza Prieto, Eihartze"]
[Black "Nieves Cabanes, Jose Manuel"]
[Result "1/2-1/2"]
[WhiteElo "2095"]
[BlackElo "2180"]
[PlyCount "84"]
[EventDate "2015.07.20"]
[EventType "swiss"]
[EventRounds "9"]
[EventCountry "ESP"]
[Source "lmi"]
[SourceDate "2015.07.20"]

1. e4 c6 2. d4 d5 3. Nc3 dxe4 4. Nxe4 Bf5 5. Ng3 Bg6 6. Nh3 Nf6 7. Nf4 Nd5 8.
Nxg6 hxg6 9. c3 e6 10. Ne4 Nd7 11. Qc2 N7f6 12. Bd3 Qc7 13. h3 Nf4 14. Bxf4
Qxf4 15. g3 Qf3 16. Nxf6+ Qxf6 17. O-O-O O-O-O 18. Be4 Bd6 19. Kb1 Bc7 20. Bg2
g5 21. a4 Rd7 22. Kc1 Rhd8 23. Qe2 Qf5 24. Be4 Qa5 25. Qc2 Qb6 26. Qd2 Qb3 27.
Bc2 Qd5 28. Rhe1 Kb8 29. Kb1 c5 30. Qe2 cxd4 31. Rxd4 Qc5 32. Rxd7 Rxd7 33. Qe3
Bb6 34. Qxc5 Bxc5 35. Re2 Rd8 36. b4 Be7 37. Be4 Rc8 38. Kb2 Bf6 39. Re3 Rh8
40. g4 Kc7 41. Rd3 Be5 42. Kb3 g6 1/2-1/2

[Event "España ch-2015 sub-16"]
[Site "Salobreña ESP"]
[Date "2015.07.22"]
[Round "4.10"]
[White "Rodriguez Mellado, Antonio"]
[Black "Escudero Manzano, Sergio"]
[Result "0-1"]
[WhiteElo "2007"]
[BlackElo "2153"]
[PlyCount "116"]
[EventDate "2015.07.20"]
[EventType "swiss"]
[EventRounds "9"]
[EventCountry "ESP"]
[Source "lmi"]
[SourceDate "2015.07.20"]

1. e4 c5 2. Nf3 e6 3. c3 d5 4. exd5 Qxd5 5. d4 Nf6 6. Bd3 Be7 7. O-O O-O 8. Bg5
h6 9. Bh4 cxd4 10. cxd4 Nc6 11. Nc3 Qd8 12. a3 b6 13. Bc2 Ba6 14. Re1 Rc8 15.
Qd2 Nd5 16. Nxd5 Bxh4 17. Nc3 Bf6 18. Rad1 Qc7 19. Qe3 Na5 20. Qe4 g6 21. Nh4
Bb7 22. Qg4 h5 23. Qh3 Qf4 24. g3 Qg4 25. Qxg4 hxg4 26. Ng2 Rfd8 27. Be4 Rxd4
28. Bxb7 Nxb7 29. Ne4 Bg7 30. Rxd4 Bxd4 31. b4 Bb2 32. Nf4 Bxa3 33. Ra1 Rc1+
34. Rxc1 Bxc1 35. Nd3 Ba3 36. Nf6+ Kf8 37. Nxg4 Nd8 38. Nge5 b5 39. Kf1 f6 40.
Nxg6+ Kf7 41. Ngf4 Nc6 42. Ne2 Nxb4 43. Nxb4 Bxb4 44. Nd4 a6 45. Ke2 Bc5 46.
Nc6 e5 47. f3 Ke6 48. Kd3 f5 49. g4 e4+ 50. Ke2 exf3+ 51. Kxf3 fxg4+ 52. Kxg4
Kd5 53. Na5 Bb6 54. Nb3 a5 55. Kf3 Kc4 56. Nd2+ Kd3 57. Ne4 a4 58. Nd6 a3 0-1

[Event "España ch-2015 sub-16"]
[Site "Salobreña ESP"]
[Date "2015.07.22"]
[Round "4.11"]
[White "Bayo Milagro, Alvaro"]
[Black "Guniaeva, Olga"]
[Result "1-0"]
[WhiteElo "2109"]
[BlackElo "1800"]
[PlyCount "49"]
[EventDate "2015.07.20"]
[EventType "swiss"]
[EventRounds "9"]
[EventCountry "ESP"]
[Source "lmi"]
[SourceDate "2015.07.20"]

1. e4 c6 2. Nc3 d5 3. Nf3 Bg4 4. h3 Bxf3 5. Qxf3 e6 6. d4 dxe4 7. Nxe4 Qxd4 8.
Bd3 Qd8 9. O-O Nd7 10. Rd1 Ngf6 11. Bf4 Nxe4 12. Bxe4 Qf6 13. Rxd7 Kxd7 14.
Rd1+ Kc8 15. Bxc6 Rb8 16. Bd7+ Kd8 17. Bxb8 Qxf3 18. gxf3 Bc5 19. Ba4+ Kc8 20.
Bf4 b6 21. Bb5 Kb7 22. Rd7+ Kc8 23. Rxa7 Rf8 24. Bc6 Rh8 25. Ra6 1-0

[Event "España ch-2015 sub-16"]
[Site "Salobreña ESP"]
[Date "2015.07.22"]
[Round "4.12"]
[White "Guerra Arrocha, Daniel"]
[Black "Palenciano Escolar, Adrian"]
[Result "0-1"]
[WhiteElo "1989"]
[BlackElo "2108"]
[PlyCount "170"]
[EventDate "2015.07.20"]
[EventType "swiss"]
[EventRounds "9"]
[EventCountry "ESP"]
[Source "lmi"]
[SourceDate "2015.07.20"]

1. d4 Nf6 2. c4 g6 3. Nc3 Bg7 4. g3 O-O 5. Bg2 d6 6. e3 Nbd7 7. Nge2 e5 8. O-O
c6 9. b3 Qe7 10. Ba3 Rd8 11. Qc2 exd4 12. Nxd4 Ne5 13. h3 a6 14. Rad1 c5 15.
Nde2 Rb8 16. Nf4 b5 17. Ncd5 Nxd5 18. Nxd5 Qf8 19. f4 Nd7 20. f5 Be5 21. fxg6
hxg6 22. Bb2 bxc4 23. Bxe5 Nxe5 24. Qe4 Be6 25. bxc4 Bxd5 26. Qxd5 Qe7 27. Rf4
Qg5 28. g4 Rb2 29. Re4 Re8 30. Qxd6 Qh4 31. Kh1 Qg3 32. Rg1 Rxg2 33. Rxg2 Qxh3+
34. Kg1 Nf3+ 35. Kf2 Rxe4 36. Rg3 Qh2+ 37. Kxf3 Qh1+ 38. Kf2 Rxc4 39. Qb8+ Kg7
40. Qb2+ f6 41. Rg2 Qh4+ 42. Kf3 Qh3+ 43. Kf2 Rxg4 44. Qb7+ Kh6 45. Rxg4 Qxg4
46. Qxa6 Qf5+ 47. Ke2 Qc2+ 48. Kf3 Qd1+ 49. Kf2 Kg5 50. Qc4 Qd2+ 51. Kf3 Qb4
52. Qd5+ Kh4 53. Qd7 Qc4 54. Qh7+ Kg5 55. Qa7 Qf1+ 56. Kg3 Qg1+ 57. Kf3 Qg4+
58. Kf2 c4 59. a4 Qf5+ 60. Ke2 c3 61. Qc7 Qc2+ 62. Kf3 Qd1+ 63. Kg3 Qg1+ 64.
Kf3 Qh1+ 65. Kg3 Qh4+ 66. Kf3 Qh3+ 67. Ke2 Qg2+ 68. Kd3 Qd2+ 69. Ke4 f5+ 70.
Kf3 Qd1+ 71. Kg3 Qg1+ 72. Kf3 Qh1+ 73. Kg3 Qh4+ 74. Kg2 Qe4+ 75. Kf2 c2 76.
Qd8+ Kg4 77. Qd2 Qxa4 78. Qd6 Kh5 79. Qc7 Qe4 80. Qh7+ Kg5 81. Qc7 f4 82. Qc5+
Qf5 83. exf4+ Kxf4 84. Qc7+ Kg4+ 85. Ke2 Qf3+ 0-1

[Event "España ch-2015 sub-16"]
[Site "Salobreña ESP"]
[Date "2015.07.22"]
[Round "4.13"]
[White "Galiana Fernandez, Adrian"]
[Black "Portela Peleteiro, Alberto"]
[Result "0-1"]
[WhiteElo "2004"]
[BlackElo "2105"]
[PlyCount "108"]
[EventDate "2015.07.20"]
[EventType "swiss"]
[EventRounds "9"]
[EventCountry "ESP"]
[Source "lmi"]
[SourceDate "2015.07.20"]

1. e4 c5 2. Nf3 Nc6 3. d4 cxd4 4. Nxd4 Nf6 5. Nc3 e5 6. Ndb5 d6 7. Bg5 a6 8.
Na3 Be6 9. Nc4 Rc8 10. Ne3 Qb6 11. Bxf6 Qxb2 12. Ncd5 Bxd5 13. Nxd5 Nb4 14. Bd3
Nxd5 15. exd5 Qc3+ 16. Kf1 gxf6 17. Rb1 Rc7 18. Qf3 Ke7 19. g3 b5 20. Kg2 Bh6
21. a4 bxa4 22. Rb6 Rd8 23. Rxa6 a3 24. Rb1 f5 25. Qxf5 Qd4 26. c4 Qc3 27. Rb5
Bc1 28. c5 Rxc5 29. Rb7+ Rc7 30. Rc6 Rxb7 31. Rxc3 Bb2 32. Rc8 Rxc8 33. Qxc8
Ra7 34. Bb1 Bd4 35. Ba2 Bc5 36. Qb8 h6 37. h4 Ra4 38. Qb3 Rd4 39. Qc3 Bb4 40.
Qc1 Rd2 41. Bc4 Kf8 42. Kh3 Kg7 43. f3 Rb2 44. g4 Bd2 45. Qg1 Bf4 46. h5 a2 47.
Bxa2 Rxa2 48. g5 hxg5 49. Kg4 Kf6 50. h6 Rh2 51. Qe1 Rh4+ 52. Qxh4 gxh4 53.
Kxh4 Bxh6 54. Kg4 Kg6 0-1

[Event "España ch-2015 sub-16"]
[Site "Salobreña ESP"]
[Date "2015.07.22"]
[Round "4.14"]
[White "Domingo Nunez, Alejandro"]
[Black "Salagran Ferragut, Guillem"]
[Result "1-0"]
[WhiteElo "2197"]
[BlackElo "1983"]
[PlyCount "53"]
[EventDate "2015.07.20"]
[EventType "swiss"]
[EventRounds "9"]
[EventCountry "ESP"]
[Source "lmi"]
[SourceDate "2015.07.20"]

1. e4 e6 2. Nf3 d5 3. Nc3 Nf6 4. e5 Nfd7 5. d4 c5 6. dxc5 Nc6 7. Bf4 Be7 8. Bb5
Nxc5 9. O-O a6 10. Bxc6+ bxc6 11. b4 Nd7 12. Rb1 Qc7 13. Qd2 O-O 14. Rfe1 Nb6
15. Qd3 h6 16. Nd2 a5 17. bxa5 Rxa5 18. Nb3 Ra8 19. Re3 Nc4 20. Rg3 Nxe5 21.
Rxg7+ Kxg7 22. Qg3+ Kf6 23. Re1 Bd6 24. Qh4+ Kg7 25. Bxh6+ Kh7 26. Bg5+ Kg8 27.
Bf6 1-0

[Event "España ch-2015 sub-16"]
[Site "Salobreña ESP"]
[Date "2015.07.22"]
[Round "4.15"]
[White "Chao Vale, Fernando"]
[Black "Lopez Rivera, Jesus"]
[Result "0-1"]
[WhiteElo "1937"]
[BlackElo "2163"]
[PlyCount "128"]
[EventDate "2015.07.20"]
[EventType "swiss"]
[EventRounds "9"]
[EventCountry "ESP"]
[Source "lmi"]
[SourceDate "2015.07.20"]

1. e4 c5 2. Nf3 d6 3. d4 cxd4 4. Qxd4 Nc6 5. Bb5 Bd7 6. Bxc6 Bxc6 7. Nc3 Nf6 8.
Bg5 e6 9. O-O-O Be7 10. Rhe1 O-O 11. Qd2 h6 12. Bf4 e5 13. Bg3 b5 14. Bh4 b4
15. Nd5 Bxd5 16. exd5 Qb6 17. Bxf6 Bxf6 18. g4 Rfc8 19. Re4 b3 20. axb3 Qxb3
21. Qd3 Qa2 22. Qa3 Qxa3 23. bxa3 Rc3 24. Rd3 Rac8 25. Ne1 R3c5 26. f3 Bh4 27.
Kd1 Bxe1 28. Kxe1 Rxc2 29. Re2 Rxe2+ 30. Kxe2 Rc2+ 31. Ke3 Rxh2 32. Rc3 Rb2 33.
Rc6 Rb6 34. Rc7 Rb3+ 35. Ke4 Rxa3 36. Rc6 Ra4+ 37. Ke3 Rd4 38. Rxd6 a5 39. Rd7
f6 40. d6 a4 41. Ra7 Rxd6 42. Rxa4 Rd7 43. Kf2 Kf7 44. Kg3 Kg6 45. Ra6 Rd3 46.
Ra4 Kg5 47. Ra7 g6 48. Ra5 h5 49. gxh5 gxh5 50. Ra4 h4+ 51. Kg2 f5 52. Ra2 Kf4
53. Ra4+ e4 54. fxe4 fxe4 55. Kf2 Rd2+ 56. Ke1 Rb2 57. Ra3 Rg2 58. Rh3 Rg4 59.
Ra3 Rg3 60. Ra8 h3 61. Kf2 Rg2+ 62. Kf1 Rb2 63. Rf8+ Ke3 64. Rh8 Rb1# 0-1

[Event "España ch-2015 sub-16"]
[Site "Salobreña ESP"]
[Date "2015.07.22"]
[Round "4.16"]
[White "Morona Minguez, Miguel"]
[Black "Perez Tores, Juan Miguel"]
[Result "0-1"]
[WhiteElo "1924"]
[BlackElo "2129"]
[PlyCount "62"]
[EventDate "2015.07.20"]
[EventType "swiss"]
[EventRounds "9"]
[EventCountry "ESP"]
[Source "lmi"]
[SourceDate "2015.07.20"]

1. e4 e5 2. Nf3 Nc6 3. Bb5 a6 4. Ba4 Nf6 5. O-O b5 6. Bb3 Be7 7. c3 d6 8. h3
O-O 9. Re1 Nb8 10. d4 Nbd7 11. Nbd2 Bb7 12. Bc2 Re8 13. Nf1 Bf8 14. Ng3 g6 15.
Bg5 h6 16. Be3 Bg7 17. Nh2 c5 18. Ng4 Nxg4 19. Qxg4 Nf6 20. Qd1 exd4 21. cxd4
Nxe4 22. Bxe4 Bxe4 23. dxc5 dxc5 24. Qxd8 Raxd8 25. Bxh6 Bxb2 26. Rad1 Rxd1 27.
Rxd1 c4 28. Re1 f5 29. Bc1 Bxc1 30. Rxc1 Bd3 31. f4 b4 0-1

[Event "España ch-2015 sub-16"]
[Site "Salobreña ESP"]
[Date "2015.07.22"]
[Round "4.17"]
[White "Chueca Lorente, Javier"]
[Black "Redondo Benavente, Ana"]
[Result "1-0"]
[WhiteElo "2123"]
[BlackElo "1920"]
[PlyCount "63"]
[EventDate "2015.07.20"]
[EventType "swiss"]
[EventRounds "9"]
[EventCountry "ESP"]
[Source "lmi"]
[SourceDate "2015.07.20"]

1. c4 Nf6 2. Nc3 d6 3. d4 e5 4. dxe5 dxe5 5. Qxd8+ Kxd8 6. Bg5 Be6 7. O-O-O+
Nbd7 8. Nf3 Kc8 9. e3 c6 10. Bh4 Kc7 11. Ng5 h6 12. Nxe6+ fxe6 13. h3 Nc5 14.
Bg3 Bd6 15. b4 Ncd7 16. c5 Bf8 17. Kb2 Nd5 18. a3 g5 19. e4 Nf4 20. Bc4 Re8 21.
Rd2 Rh7 22. f3 Bg7 23. h4 Nf6 24. Rd6 N6h5 25. Bxf4 Nxf4 26. g3 Nh5 27. hxg5
hxg5 28. Bxe6 Rd8 29. Rxd8 Kxd8 30. Rd1+ Kc7 31. Rd7+ Kb8 32. Rd8+ 1-0

[Event "España ch-2015 sub-16"]
[Site "Salobreña ESP"]
[Date "2015.07.22"]
[Round "4.18"]
[White "Povill Claros, Xavier"]
[Black "Toval Lopez, Alberto"]
[Result "1-0"]
[WhiteElo "2107"]
[BlackElo "1904"]
[PlyCount "69"]
[EventDate "2015.07.20"]
[EventType "swiss"]
[EventRounds "9"]
[EventCountry "ESP"]
[Source "lmi"]
[SourceDate "2015.07.20"]

1. e4 c5 2. Nf3 Nc6 3. Bb5 e6 4. Bxc6 bxc6 5. O-O Ne7 6. b3 Ng6 7. e5 Be7 8.
Bb2 O-O 9. Na3 f6 10. Nc4 fxe5 11. Nfxe5 Nxe5 12. Nxe5 Qc7 13. f4 Bf6 14. Qe2
a5 15. Qe3 Ba6 16. d3 Rae8 17. Rab1 d6 18. Nf3 Kh8 19. Ba1 a4 20. Nd2 Kg8 21.
Ne4 axb3 22. axb3 Rf7 23. Rf3 Qd7 24. Rg3 Kh8 25. Ng5 Rfe7 26. Qe4 Bxg5 27. Rh3
h6 28. fxg5 e5 29. gxh6 gxh6 30. Rxh6+ Kg8 31. Qg6+ Rg7 32. Qh5 Kf8 33. Rf1+
Ke7 34. Qh4+ Rg5 35. Qxg5# 1-0